Catálogo
 En Linea

Competencias Jurisdiccionales y Administrativas en Materia Electoral : innecesario conflicto de atribuciones / (Registro nro. 49710)

Detalles MARC
000 -CABECERA
campo de control de longitud fija 00720nam a22001937a 4500
003 - IDENTIFICADOR DEL NÚMERO DE CONTROL
campo de control OSt
005 - FECHA Y HORA DE LA ÚLTIMA TRANSACCIÓN
campo de control 20220531084012.0
008 - DATOS DE LONGITUD FIJA--INFORMACIÓN GENERAL
campo de control de longitud fija 210407b ||||| |||| 00| 0 eng d
040 #4 - FUENTE DE LA CATALOGACIÓN
Centro catalogador/agencia de origen DO-SdBNP
Lengua de catalogación spa
Centro/agencia transcriptor BNPHU
082 #4 - NÚMERO DE LA CLASIFICACIÓN DECIMAL DEWEY
Número de edición BNPHU PD 342.07 OR77c
100 ## - ENTRADA PRINCIPAL--NOMBRE DE PERSONA
Código de función/relación Ortiz Valenzuela, Sergio
245 ## - MENCIÓN DE TÍTULO
Título Competencias Jurisdiccionales y Administrativas en Materia Electoral : innecesario conflicto de atribuciones /
Mención de responsabilidad, etc. Sergio Ortiz Valenzuela,
260 ## - PUBLICACIÓN, DISTRIBUCIÓN, ETC.
Lugar de publicación, distribución, etc. Santo Domingo :
Nombre del editor, distribuidor, etc. Foro permanente de partidos políticos de la Rep.Dom. (FOPPPREDOM)
Fecha de publicación, distribución, etc. 2017
300 ## - DESCRIPCIÓN FÍSICA
Extensión 42 p. ;
Dimensiones 21 cm.
440 ## - MENCIÓN DE SERIE/PUNTO DE ACCESO ADICIONAL--TÍTULO
Título Cuadernos por la Democracia
Número de parte o sección de la obra Núm.3- Mayo / 2017
9 (RLIN) 78326
590 ## - NOTA LOCAL (RLIN)
Nota local Inventariado, 2021 / SA
910 ## - DATOS DE OPCIÓN DEL USUARIO (OCLC)
Datos de opción del usuario S/A
942 ## - ELEMENTOS DE PUNTO DE ACCESO ADICIONAL (KOHA)
Fuente del sistema de clasificación o colocación Dewey Decimal Classification
Tipo de ítem Koha Folleto
Existencias
Estado de retiro Estado de pérdida Fuente del sistema de clasificación o colocación Restricciones de uso No para préstamo Código de colección Localización permanente Ubicación/localización actual Ubicación en estantería Fecha de adquisición Fuente de adquisición Número de inventario Total de préstamos Signatura topográfica completa Código de barras Fecha visto por última vez Precio válido a partir de Tipo de ítem Koha Nota pública Número de copia
    Dewey Decimal Classification Excluido de préstamo Excluido de préstamo Monografías: Libros y Folletos Biblioteca Nacional Pedro Henríquez Ureña Patrimonio Dominicano En catalogación 07.04.2021 Donado 2021-04-07   BNPHU PD 342.07 OR77c 2021-1314 07.04.2021 07.04.2021 Folleto S/A  
    Dewey Decimal Classification Préstamo en sala Préstamo restrigido Monografías: Libros y Folletos Biblioteca Nacional Pedro Henríquez Ureña Patrimonio Dominicano En catalogación 07.04.2021 Donado 2021-04-07   BNPHU PD 342.07 OR77c 2021-1315 07.04.2021 07.04.2021 Folleto S/A e.2
    Dewey Decimal Classification Préstamo en sala   Monografías: Libros y Folletos Biblioteca Nacional Pedro Henríquez Ureña Patrimonio Dominicano En catalogación 07.04.2021 Donado 2021-04-07   BNPHU PD 342.07 OR77c 2021-1318 07.04.2021 07.04.2021 Folleto S/A e.3

Con tecnología Koha